书目信息 |
| 题名: |
综合绘画材料表现
|
|
| 作者: | 蔡广斌 编著 | |
| 分册: | ||
| 出版信息: | 上海 上海书店出版社 2006.04 |
|
| 页数: | 80页 | |
| 开本: | 26cm | |
| 丛书名: | ||
| 单 册: | ||
| 中图分类: | J211.6-43 | |
| 科图分类: | ||
| 主题词: | 绘画--hui hua--材料--高等学校--教材 | |
| 电子资源: | ||
| ISBN: | 7-80678-460-8 | |
| 000 | 00825nam0 2200241 450 | |
| 001 | 012007983902 | |
| 005 | 20071109135337.84 | |
| 010 | @a7-80678-460-8@dCNY29.00 | |
| 100 | @a20071109d2006 km y0chiy0120 ea | |
| 101 | 0 | @achi |
| 102 | @aCN@b310000 | |
| 105 | @aac z 000yy | |
| 106 | @ar | |
| 200 | 1 | @a综合绘画材料表现@Azong he hui hua cai liao biao xian@f蔡广斌编著@Fcai guang bin bian zhu |
| 210 | @a上海@c上海书店出版社@d2006.04 | |
| 215 | @a80页@c图, 肖像@d26cm | |
| 300 | @a高等工科院校设计类造型教材 | |
| 330 | @a本书主要从综合绘画的当代意义的角度来探讨有关综合绘画及材料的表现形式,并对主要绘画材料提出相关的价值取向。 | |
| 606 | 0 | @a绘画@Ahui hua@x材料@x高等学校@j教材 |
| 690 | @aJ211.6-43@v4 | |
| 701 | 0 | @a蔡广斌@Acai guang bin@4编著 |
| 801 | 0 | @aCN@b@c20071109 |
| 905 | @b267242-44@dJ211.6-43@eC030@f3 | |
| 综合绘画材料表现/蔡广斌编著.-上海:上海书店出版社,2006.04 |
| 80页:图, 肖像;26cm |
| 高等工科院校设计类造型教材 |
| ISBN 7-80678-460-8:CNY29.00 |
| 本书主要从综合绘画的当代意义的角度来探讨有关综合绘画及材料的表现形式,并对主要绘画材料提出相关的价值取向。 |
| ● |
| 相关链接 |
|
|
|
正题名:综合绘画材料表现
索取号:J211.6-43/C030
 
预约/预借
| 序号 | 登录号 | 条形码 | 馆藏地/架位号 | 状态 | 备注 |
| 1 | 267242 | 202672429 | 社科库309/309社科库 68排2列3层/ [索取号:J211.6-43/C030] | 在馆 | |
| 2 | 267243 | 202672438 | 社科库309/309社科库 68排2列3层/ [索取号:J211.6-43/C030] | 在馆 | |
| 3 | 267244 | 202672447 | 社科库309/309社科库 68排2列3层/ [索取号:J211.6-43/C030] | 在馆 |